00250nam a22000857a 4500008004100000082001600041245003300057260006600090300000800156230621b xxu||||| |||| 00| 0 eng d a328.35bIPU aInter-Parliamentary Bulletin aGenevabOfficial Organ of the Inter-Parliamentary Unionc1982 a85p